00413nam a2200145Ia 4500008004100000082001000041100001900051245002000070260001900090630002000109730002000129942000900149999001900158952009000177100328s9999 xx 000 0 und d b47499 aKellerman Faye aThe Rithal Bath bHeadline books aThe Rithal Bath aThe Rithal Bath cBOOK c535271d535268 00104070aRNVbRNVd2010-03-28l0pRNV-47499r2010-03-28 00:00:00w2010-03-28yBOOK